Circuit design with VHDL.

Αποθηκεύτηκε σε:
Λεπτομέρειες βιβλιογραφικής εγγραφής
Κύριος συγγραφέας: Pedroni, Volnei A (Συγγραφέας)
Μορφή: Βιβλίο
Έκδοση: Cambridge, Massachusetts, USA: The MIT Press, 2020.
Έκδοση:Third edition.
Θέματα:
Ετικέτες: Προσθήκη ετικέτας
Δεν υπάρχουν, Καταχωρήστε ετικέτα πρώτοι!

MARC

LEADER 00000nam a22000007a 4500
003 CL-VaPUC
005 20230123123105.0
008 230116t2020 ||||| |||| 00| 0 eng d
999 |c 439912  |d 439910 
020 |a 978-0-262-04264-2 
040 |c Pontificia Universidad Católica de Valparaíso 
082 7 |a 621.395 PED 2019  |2 22 
100 1 |a Pedroni, Volnei A  |9 534045  |e author 
245 1 |a Circuit design with VHDL. 
250 |a Third edition. 
260 |a Cambridge, Massachusetts, USA:  |b The MIT Press,   |c 2020. 
300 |a 587 páginas. 
500 |a c.1 Donación Biblioteca Ingeniería. 9/01/2023 
583 |c 20230116  |k Catalogador Asistente 
650 0 |a VHDL (Lenguaje de descripción de hardware de computadora)  |9 472452 
650 0 |a Diseño de circuito electrónico  |9 879931 
942 |2 ddc  |c BK 
952 |0 0  |1 0  |2 ddc  |4 0  |6 621_395000000000000_PED_2019  |7 0  |8 A  |9 588649  |a BIBING  |b BIBING  |c GEN  |d 2023-01-16  |e Donación  |i 5656429  |o 621.395 PED 2019  |p 5656429  |r 2025-01-20  |t 1  |w 2023-01-16  |y BK  |k ING